000 00734nam a22002292 4500
001 0000021112
005 20151021152607.0
008 120111s xx 000 0 eng d
020 _a8122426021 :
040 _aKABU
_cKABU
100 1 _aHavinal, Veerabhadrappa.
_@0000181792
245 1 0 _aManagement and entrepreneurship /
_cVeerabhadrappa Havinal.
250 _a1st ed.
260 _aNew Delhi :
_bNew Age,
_c2009.
300 _axii, 182 p.
650 0 _aManagement.
_@0000083920
650 0 _aEntrepreneurship.
_@0000148283
852 1 _9p525 KES
852 1 _9p525 KES
908 _a120111
950 _@1
999 _c1683
_d1683